Pokemon - Les attaques de Gruikui - Statistiques

Statistiques générales
  • Ce quiz a été pris 23 fois
  • Le résultat moyen est 10 sur 15
Statistiques - réponses
Niveaux Types Noms des attaques % Correct
Départ Normal Charge
100%
Niveau 7 Feu Flammèche
100%
Niveau 15 Feu Nitrocharge
93%
Niveau 25 Normal Bélier
87%
Niveau 3 Normal Mimi-Queue
87%
Niveau 33 Feu Lance-Flammes
80%
Niveau 43 Feu Boutefeu
73%
Niveau 21 Roche Roulade
73%
Niveau 27 Feu Tacle Feu
73%
Niveau 37 Roche Fracass'Tête
67%
Niveau 19 Poison Purédpois
60%
Niveau 13 Normal Boul'Armure
53%
Niveau 9 Normal Flair
47%
Niveau 31 Ténèbres Assurance
40%
Niveau 39 Normal Hurlement
13%
Aucun quiz correspondant
Distribution des résultats
% des personnes avec chaque résultat
Percentile par nombre de réponses
Votre historique - résultats
Vous n’avez pas pris ce quiz